La estructura del atraso en América Latina: hacia una teoría latinoamericana del desarrollo

Tallennettuna:
Bibliografiset tiedot
Päätekijä: García Nossa, Antonio (Tekijä)
Aineistotyyppi: Kirja
Kieli:espanja
Julkaistu: Buenos Aires El Ateneo 1978
Sarja:Sociología y Ciencias Políticas
Aiheet:
Tagit: Lisää tagi
Ei tageja, Lisää ensimmäinen tagi!

MARC

LEADER 00000nam a2200000 a 4500
001 UCP7691
003 CL-VaPUC
008 991217e19780000AG |||||||||||||||||spa|d
082 0 4 |a 338.98  |b GAR  |2 21 
100 |a García Nossa, Antonio  |e author  |9 441398 
245 1 3 |a La estructura del atraso en América Latina: hacia una teoría latinoamericana del desarrollo 
300 |a 364 p 
942 |c BK 
945 |d 19991217 00:00:00  |a crobeson 
260 |a Buenos Aires  |b El Ateneo  |c 1978 
650 0 |a Desarrollo económico y social   |9 256320 
650 7 |a SUBDESARROLLO  |2 CL-VaPUC  |9 337696 
650 0 |a Países en desarrollo  |9 259663 
650 0 |a Distribución del ingreso  |9 334288 
651 0 |a América Latina   |9 255027 
583 |a last modification  |c 19991217 00:00:00  |k Rodrigo Vera 
490 0 |a Sociología y Ciencias Políticas 
999 |c 284808  |d 284806 
952 |0 0  |1 0  |4 0  |6 338_980000000000000_GAR_1978  |7 0  |8 A  |9 329047  |a BIBHIS  |b BIBHIS  |d 2019-11-20  |i 1373781  |o 338.98 GAR 1978  |p 1373781  |r 2025-01-20  |w 2019-11-20  |y BK  |k HIS